Statistics for ♫ "Inertia" - Lyrics - AJR ♫

Click here to take the quiz!

General Stats

  • This quiz has been taken 73 times
  • The average score is 354 of 449

Answer Stats

Lyric% Correct
I
100%
in
100%
I've
96%
a
94%
(Do
94%
do
94%
(Don't
94%
don't
94%
Don't
94%
I'm
94%
inertia
94%
(Inertia)
94%
it
94%
object
94%
the
94%
am;
92%
am
92%
An
92%
an
92%
is
92%
motion,
92%
what
92%
you,
92%
You
92%
you
92%
but
90%
But
90%
emotion
90%
jeans
90%
My
90%
my
90%
this
90%
It's
88%
same
88%
skinny
88%
was
88%
worn
88%
goin'
87%
lost
85%
me
85%
not
85%
probably
85%
right
85%
(Right
85%
Since
85%
Where
85%
where
85%
all
83%
broken,
83%
fifteen
83%
legs
83%
like
83%
like,
83%
nothing
83%
two
83%
are
81%
be
81%
better
81%
better,
81%
dance
81%
dance)
81%
look
81%
(Look
81%
To
81%
at
79%
can?
79%
can?)
79%
can)
79%
understand)
79%
understand?
79%
when
79%
why
79%
ask
75%
big
73%
'Cause
73%
say
73%
friends
71%
Guess
71%
guess
71%
bigger,
69%
bluffin'
69%
going
69%
just
69%
little
69%
plans
69%
quittin'
69%
their
69%
they're
69%
They're
69%
got
67%
planet,
67%
and
65%
And
65%
chase
65%
dreams
65%
save
65%
today
65%
down
63%
week
63%
gonna
60%
said
58%
Ah-ah-ah-ah,
52%
ah-ah-ah-ah
52%
break
50%
her
50%
oh,
50%
oh
50%
Oh,
50%
(Oh,
50%
up
50%
with
50%
your
50%
met
48%
dating's
46%
family
46%
out
46%
worst,
46%
she
44%
you'd
44%
Now,
42%
yeah
42%
love
40%
you'll
38%
you're
38%
anymore
37%
stick
37%
more,
35%
so
35%
So
35%
twenty
35%
For,
33%
years
33%
sayin',
29%
hungry
27%
mad?
27%
of
27%
tiny
27%
knows
25%
man)
25%
move
25%
packin'
25%
screw
25%
wanna
25%
everyone
23%
stuck
23%
tiring
23%
town
23%
workin'
23%
fuckin'
21%
pants
21%
life
19%
start
19%
these
19%
tryin'
19%
would
17%

Score Distribution

Percentile by Number Answered

Percent of People with Each Score

Your Score History

You have not taken this quiz